000 00530nam a2200205Ia 4500
005 20250508151054.0
008 008 250505s9999 xx 000 0 eng d
037 _aTextBook
040 _aFEDL
_beng
_cFEDL
041 _aeng
_2eng
084 _a372.3, PAR
_qFEDL
100 _aParker Bertha Morris
245 0 _aInsect societies
260 _c1949
300 _a34p.
490 _aThe basic science education
700 _a Emerson Alfred E
_9758335
942 _cTB
_h372.3, PAR
999 _c1327414
_d1327414